| 000 | 00826nam a2200289 i 4500 | ||
|---|---|---|---|
| 001 | bg | ||
| 100 | 1 | _aVon Hagen, Wiliam. | |
| 245 | 1 | 0 |
_aUbuntu Linux : _bbiblia / _cWiliam von Hagen ;[tł. Adam Bąk, Marek Pętlicki]. |
| 260 |
_aGliwice : _bWydawnictwo Helion, _c2008. |
||
| 300 |
_a950 s. : _brys. ; _c25 cm + _edysk optyczny (CD-ROM). |
||
| 490 | 1 | _aBiblia | |
| 504 | _aIndeks. | ||
| 650 | 9 | _aUbuntu Linux | |
| 655 | _aPodręczniki | ||
| 700 | 1 |
_aBąk, Adam. _eTł. |
|
| 700 | 1 |
_aPętlicki, Marek _eTł. |
|
| 830 | _aBiblia | ||
| 020 | _a9788324610334 | ||
| 040 | _cBPK | ||
| 041 | 1 |
_apol _heng |
|
| 044 | _aPOL | ||
| 080 | _a004.451(07) | ||
| 920 | _a978-83-246-1033-4 | ||
| 942 | _cKS | ||
| 008 | s pl f |000 0 pol | ||
| 999 |
_c54838 _d54838 |
||
| 856 |
_uhttp://koha.tu.koszalin.pl/cgi-bin/koha/opac-detail.pl?biblionumber=54838 _yKatalog online BPK |
||